Readings in information retrieval
Information retrieval systems provide end-user access to the huge range of textual information resources that are now available. The techniques used are now being applied to multimedia retrieval, and to related information-seeking tasks such as information extraction and summarization. This collecti...
Shranjeno v:
| Format: | Knjiga |
|---|---|
| Jezik: | Undetermined |
| Izdano: |
Amsterdam
Morgan Kaufmann
1997
|
| Teme: | |
| Oznake: |
Označite
Brez oznak, prvi označite!
|
| Thư viện lưu trữ: | Trung tâm Học liệu Trường Đại học Cần Thơ |
|---|
| LEADER | 01134nam a2200193Ia 4500 | ||
|---|---|---|---|
| 001 | CTU_152332 | ||
| 008 | 210402s9999 xx 000 0 und d | ||
| 020 | |c 165.94 | ||
| 082 | |a 025.524 | ||
| 082 | |b R287 | ||
| 245 | 0 | |a Readings in information retrieval | |
| 245 | 0 | |c Edited by Karen Sparck Jones, Peter Willett | |
| 260 | |a Amsterdam | ||
| 260 | |b Morgan Kaufmann | ||
| 260 | |c 1997 | ||
| 520 | |a Information retrieval systems provide end-user access to the huge range of textual information resources that are now available. The techniques used are now being applied to multimedia retrieval, and to related information-seeking tasks such as information extraction and summarization. This collection contains papers covering both general theory and specific method, to offer a comprehensive view of the entire field. Each section consists of a carefully selected group of papers, together with a critical introduction to that topic and an extensive list of additional references. | ||
| 650 | |a Information retrieval,Truy cập thông tin | ||
| 904 | |i Hương Sen | ||
| 980 | |a Trung tâm Học liệu Trường Đại học Cần Thơ | ||